000 00671nam a2200205Ia 4500
003 GCL
008 140319s9999 xx 000 0 ara d
040 _aGCL /
_cGCL
082 0 4 _a296
_bش ت
100 1 _aشاحاك، اسرائيل
245 1 0 _aالتاريخ اليهودى: الديانة اليهودية وطاة ثلاثة الاف سنة /
_cشاحاك، اسرائيل
700 1 _aصالح على سواح
260 _a[S.N] :
_bبيسان للنشر والتوزيع ،
_c1995
300 _a165 ص
490 _a
650 0 4 _aاليهودية
650 0 4 _aالدين اليهودى
650 0 4 _aاليهودية - تاريخ
942 _2ddc
_cBK
999 _c52779
_d52779